Statistics for 1995 Atlanta Braves Roster

Click here to take the quiz!

General Stats

  • This quiz has been taken 3,151 times
    (1,011 since last reset)
  • The average score is 11 of 25

Answer Stats

PositionPlayer% Correct
SPGreg Maddux
94%
3BChipper Jones
93%
SPJohn Smoltz
92%
SPTom Glavine
90%
ManagerBobby Cox
84%
RFDavid Justice
70%
1BFred McGriff
64%
CJavy Lopez
63%
SPSteve Avery
56%
2BMark Lemke
51%
SSJeff Blauser
45%
CLMark Wohlers
39%
CFMarquis Grissom
39%
LFRyan Klesko
36%
OFDwight Smith
27%
IFRafael Belliard
27%
RPAlejandro Pena
17%
SPKent Mercker
17%
CCharlie O'Brien
13%
RPGreg McMichael
11%
RPBrad Clontz
9%
RPPedro Borbon
9%
OFMike Devereaux
8%
OFLuis Polonia
7%
LFMike Kelly
7%

Score Distribution

Percentile by Number Answered

Percent of People with Each Score

Your Score History

You have not taken this quiz since the last reset